Alle FIFA-Mitgliedsnationen nach Abzeichen - Statistiken

Allgemein
  • Dieses Quiz wurde 163 mal gespielt
  • Das Durchschnittsergebnis liegt bei 68 aus 211
Antwortstatistiken
Bildquiz Hint Antwort % Korrekt
UEFA
Geografisch in Asien
Türkei
98%
AFC Libanon
89%
CONMEBOL Kolumbien
86%
CAF Tunesien
86%
AFC Katar
82%
UEFA Deutschland
76%
UEFA Slowakei
74%
UEFA
Geografisch in Asien
Zypern
72%
UEFA Albanien
69%
UEFA Finnland
69%
UEFA Schweden
69%
CONCACAF Kanada
68%
UEFA Norwegen
68%
CONMEBOL Peru
68%
UEFA Bosnien und Herzegowina
66%
UEFA Italien
66%
UEFA
Landesteil des Vereinigten Königreichs
Nordirland
66%
UEFA Portugal
66%
UEFA
Landesteil des Vereinigten Königreichs
Schottland
66%
UEFA
Landesteil des Vereinigten Königreichs
Wales
66%
UEFA Belgien
65%
UEFA
Geografisch in Asien
Armenien
64%
UEFA
Landesteil des Vereinigten Königreichs
England
64%
AFC Iran
64%
UEFA Kroatien
64%
UEFA Niederlande
62%
UEFA Österreich
62%
UEFA
Geografisch in Asien
Aserbaidschan
61%
AFC Irak
61%
CONMEBOL Venezuela
61%
CONMEBOL Argentinien
60%
CONCACAF Jamaika
60%
AFC Nordkorea
60%
CONCACAF Panama
60%
AFC Vietnam
59%
AFC
Sonderverwaltungszone an der China
Hong Kong
58%
CONMEBOL Brasilien
57%
UEFA Griechenland
57%
AFC Syrien
57%
CAF Ghana
56%
UEFA Montenegro
56%
UEFA Dänemark
55%
UEFA Polen
55%
UEFA Spanien
55%
CONCACAF Vereinigte Staaten
55%
CONCACAF Honduras
54%
UEFA
Geografisch in Asien
Kasachstan
54%
AFC Laos
54%
AFC Sri Lanka
53%
CAF Kamerun
52%
UEFA Frankreich
51%
CAF Senegal
51%
AFC
Geografisch in Ozeanien
Australien
49%
CAF Sierra Leone
49%
UEFA Irland
48%
CONCACAF
Geografisch in Südamerika
Surinam
48%
UEFA Ukraine
47%
CAF Äthiopien
46%
UEFA Slowenien
46%
UEFA Moldawien
45%
UEFA Ungarn
45%
UEFA Weißrussland
45%
UEFA Andorra
44%
CAF Eritrea
44%
CONMEBOL Uruguay
44%
CONMEBOL Chile
43%
CONCACAF
Geografisch in Südamerika
Guyana
43%
OFC Neuseeland
43%
AFC China
42%
AFC Japan
42%
CAF Mali
41%
UEFA
Geografisch in Asien
Georgien
40%
CONMEBOL Bolivien
39%
CONCACAF Grenada
39%
UEFA
Geografisch in Asien
Israel
39%
CAF Tschad
39%
AFC Indien
38%
CONMEBOL Paraguay
38%
CAF Tansania
38%
CAF Ruanda
37%
AFC Saudi-Arabien
37%
UEFA Schweiz
37%
CAF Togo
37%
CAF Burkina Faso
36%
UEFA
Bestandteil des Königreichs Dänemark
Färöer
36%
UEFA Serbien
36%
CAF Zentralafrikanische Republik
36%
CONMEBOL Ecuador
34%
CAF Guinea
34%
AFC Jemen
34%
CAF Mauretanien
34%
UEFA Russland
34%
UEFA Tschechien
34%
CAF Liberia
33%
CONCACAF St. Vincent und die Grenadinen
33%
CAF Ägypten
31%
CONCACAF El Salvador
31%
CONCACAF
Außengebiet der Vereinigten Staaten
Puerto Rico
31%
CONCACAF Barbados
29%
UEFA Island
29%
CAF Äquatorialguinea
28%
CAF Elfenbeinküste
28%
AFC
Sonderverwaltungszone an der China
Macau
28%
CONCACAF Mexiko
28%
AFC Nepal
28%
UEFA Rumänien
28%
UEFA San Marino
28%
CAF Gabun
27%
CAF Gambia
27%
CAF Algerien
26%
UEFA
Britisches Überseegebiet
Gibraltar
26%
CAF Marokko
26%
CAF Republik Kongo
26%
UEFA Liechtenstein
25%
AFC Palästina
25%
OFC Papua-Neuguinea
25%
CAF Südsudan
25%
AFC Jordanien
24%
CAF Malawi
24%
UEFA Nordmazedonien
24%
OFC Samoa
24%
UEFA Kosovo
23%
AFC Kuwait
23%
UEFA Malta
23%
CONCACAF Trinidad und Tobago
23%
CONCACAF
Kingdom of
Bestandteil des Königreich der Niederlande
Curacao
22%
UEFA Estland
22%
CAF Madagaskar
22%
CONCACAF
Britisches Überseegebiet
Bermuda
21%
CAF Demokratische Republik Kongo
21%
UEFA Luxemburg
21%
CONCACAF St. Kitts und Nevis
21%
CAF Sudan
21%
CONCACAF Belize
20%
CONCACAF Kuba
20%
CAF Dschibuti
19%
CAF Uganda
19%
CAF Komoren
18%
AFC Kambodscha
17%
CAF Simbabwe
17%
CONCACAF St. Lucia
17%
AFC Vereinigte Arabische Emirate
17%
AFC
Außengebiet der Vereinigten Staaten
Guam
16%
CONCACAF Haiti
16%
UEFA Lettland
16%
CAF Mosambik
16%
CAF Nigeria
16%
OFC
Französisches Überseegebiet
Tahiti
16%
CONCACAF
Bestandteil des Königreich der Niederlande
Aruba
15%
OFC
Französisches Überseegebiet
Neukaledonien
15%
OFC Salomonen
15%
AFC Südkorea
15%
CAF Niger
14%
CAF Seychellen
14%
OFC
Außengebiet der Vereinigten Staaten
Amerikanisch-Samoa
13%
CAF Kap Verde
13%
UEFA Litauen
13%
CONCACAF
Britisches Überseegebiet
Anguilla
12%
CONCACAF
Britisches Überseegebiet
Britische Jungferninseln
12%
OFC
Inselstaat in „freier Assoziierung mit Neuseeland“
Cookinseln
12%
CONCACAF Dominika
12%
CONCACAF Dominikanische Republik
12%
CAF Lesotho
12%
CAF Sambia
12%
CAF Somalia
12%
AFC Afghanistan
11%
CONCACAF Costa Rica
11%
AFC Mongolei
11%
CONCACAF Nicaragua
11%
AFC Kirgisistan
9%
AFC Tadschikistan
9%
CONCACAF
Außengebiet der Vereinigten Staaten
Amerikanische Jungferninseln
8%
CAF Angola
8%
UEFA Bulgarien
8%
OFC Fidschi
8%
AFC Turkmenistan
8%
CAF Burundi
7%
AFC Indonesien
7%
CAF Libyen
7%
CAF Südafrika
7%
AFC Thailand
7%
OFC Tonga
7%
CAF Guinea-Bissau
6%
CAF Kenia
6%
AFC Malaysia
6%
CONCACAF
Britisches Überseegebiet
Montserrat
6%
CONCACAF
Britisches Überseegebiet
Turks-und Caicosinseln
6%
AFC Bahrein
5%
CAF Botsuana
5%
CONCACAF Guatemala
5%
CAF Mauritius
5%
AFC Osttimor
5%
CONCACAF
Britisches Überseegebiet
Caymaninseln
4%
AFC Oman
4%
AFC Philippinen
4%
AFC Singapur
4%
OFC Vanuatu
4%
CONCACAF Antigua und Barbuda
3%
AFC Bhutan
3%
AFC Chinesisch Taipeh
3%
CAF Eswatini
3%
CONCACAF Bahamas
2%
AFC Bangladesch
2%
CAF Benin
2%
AFC Brunei
2%
AFC Malediven
2%
CAF Namibia
2%
AFC Pakistan
2%
CAF São Tomé und Príncipe
2%
AFC Usbekistan
2%
AFC Burma
1%
Keine übereinstimmenden Quizze gefunden
Verteilung der Resultate
Anzahl Personen mit jedem Resultat
Perzentil nach korrekt beantworteten Fragen
Ihre Resultats-Entwicklung
Sie haben dieses Quiz noch nicht gespielt